| 000 -LEADER |
| fixed length control field |
01010nam a2200229Ia 4500 |
| 001 - CONTROL NUMBER |
| control field |
20776 |
| 003 - CONTROL NUMBER IDENTIFIER |
| control field |
GE_BSU |
| 005 - DATE AND TIME OF LATEST TRANSACTION |
| control field |
20221114120133.0 |
| 008 - FIXED-LENGTH DATA ELEMENTS--GENERAL INFORMATION |
| fixed length control field |
181216s2012||||enk|||||||||||||| ||eng|| |
| 020 ## - INTERNATIONAL STANDARD BOOK NUMBER |
| International Standard Book Number |
9780415508544x |
| 040 ## - CATALOGING SOURCE |
| Transcribing agency |
GE_BSU |
| 080 ## - UNIVERSAL DECIMAL CLASSIFICATION NUMBER |
| Universal Decimal Classification number |
327 T-44 |
| 245 #4 - TITLE STATEMENT |
| Title |
The EU's Common Foreign and Security Policy : |
| Remainder of title |
The Quest for Democracy / |
| Statement of responsibility, etc. |
Edited by Helene Sjursen. |
| 264 ## - PRODUCTION, PUBLICATION, DISTRIBUTION, MANUFACTURE, AND COPYRIGHT NOTICE |
| Place of production, publication, distribution, manufacture |
New York : |
| Name of producer, publisher, distributor, manufacturer |
Published by Routledge, |
| Date of production, publication, distribution, manufacture, or copyright notice |
2012. |
| 300 ## - PHYSICAL DESCRIPTION |
| Extent |
143 p. ; |
| Dimensions |
24 cm. |
| 500 ## - GENERAL NOTE |
| General note |
Index. : p. 140-143 |
| 653 ## - INDEX TERM--UNCONTROLLED |
| keyword |
The EU's Common Foreign and Security Policy : The Quest for Democracy |
| 653 ## - INDEX TERM--UNCONTROLLED |
| keyword |
Общая внешняя политика и политика безопасности ЕС : стремление к демократии |
| 653 ## - INDEX TERM--UNCONTROLLED |
| keyword |
ევროკავშირის საერთო საგარეო და უსაფრთხოების პოლიტიკა : დემოკრატიის საგანი |
| 942 ## - ADDED ENTRY ELEMENTS (KOHA) |
| Koha item type |
წიგნი |
| Source of classification or shelving scheme |
|